000 01064nab a22002897a 4500
001 09593
003 HDC
007 cr bn ---aaaaa
008 210128c20110116my ||||| |||| 00| 00may d
040 _aHDC
245 0 _aAplikasi Halal HDC Di iPhone
260 _aKuala Lumpur :
_bStar Publications (M) Bhd.
_c2011
300 _a1 online resource
336 _atext
_2rdacontent
337 _acomputer
_2rdamedia
338 _aonline resource
_2rdacarrier
610 _aHalal Development Corporation
_95892
650 _aInnovation
_96405
650 _aIphone (Smartphone)
_913567
650 _aMobile application
_99874
710 _aMstar
856 _zRequest full-text at [email protected]
856 _zRequest full-text at [email protected]
942 _2lcc
942 _cNEWS
942 _kNWSC 004034
999 _c6916
_d6916